Sainetes
Kaydedildi:
| Yazar: | |
|---|---|
| Materyal Türü: | Kitap |
| Dil: | İspanyolca |
| Baskı/Yayın Bilgisi: |
Madrid
Perlado, Páez y Compañía
1916
|
| Seri Bilgileri: | Biblioteca Universal, 35
|
| Konular: | |
| Etiketler: |
Etiketle
Etiket eklenmemiş, İlk siz ekleyin!
|
MARC
| LEADER | 00000nam a2200000 a 4500 | ||
|---|---|---|---|
| 001 | UCQ5298 | ||
| 003 | CL-VaPUC | ||
| 008 | 980925e19160000SP |||||||||||||||||spa|d | ||
| 082 | 0 | 4 | |a 862 |b CRU |2 21 |
| 100 | 0 | |a Cruz, Ramón de la |e author |9 419425 | |
| 245 | 1 | 0 | |a Sainetes |
| 300 | |a 190 p | ||
| 942 | |c BK | ||
| 945 | |d 19980925 00:00:00 |a crobeson | ||
| 260 | |a Madrid |b Perlado, Páez y Compañía |c 1916 | ||
| 650 | 0 | |a Dramas españoles |9 267081 | |
| 650 | 0 | |a Literatura española |9 306261 | |
| 583 | |a last modification |c 19980925 00:00:00 |k Rodrigo Vera | ||
| 490 | 0 | |a Biblioteca Universal, 35 | |
| 999 | |c 275512 |d 275510 | ||
| 952 | |0 0 |1 0 |4 0 |6 862_000000000000000_CRU_1916 |7 0 |8 A |9 312270 |a BIBEDU |b BIBEDU |d 2019-11-20 |i 1470124 |o 862 CRU 1916 |p 1470124 |r 2019-11-20 |w 2019-11-20 |y BK |k LIT | ||